000
00264nam a22001097a 4500
082
_a
510 PHI'F
100
_a
PHILLIPS, E.G
_9
57340
245
_a
FUNCTIONS OF A COMPLEX VARIABLE WITH APPLICATIONS
260
_a
NEWYORK
_b
OLIVER
_c
1963
300
_a
144P
942
_c
BK
999
_c
567631
_d
567631